[Event "February Sectional. Section B"]
[Site "Winnipeg CAN"]
[Date "2006.02.10"]
[Round "1"]
[White "Green, Jim"]
[Black "Oberton, Daniel"]
[Result "0-1"]
[WhiteElo "1741"]
[BlackElo "1762"]
[PlyCount "103"]
[EventDate "2006.02.10"]
[EventType "tourn"]
[EventRounds "5"]
[EventCountry "CAN"]

1. e4 c5 2. Nf3 d6 3. Bb5+ Bd7 4. Bxd7+ Nxd7 5. O-O Ngf6 6. Qe2 g6 7. c4 Bg7 8.
Nc3 O-O 9. d3 Ng4 10. Ng5 Nge5 11. f4 Nc6 12. Be3 a6 13. Kh1 Qa5 14. f5 h6 15.
fxg6 hxg5 16. Rxf7 Rxf7 17. gxf7+ Kxf7 18. Qh5+ Kg8 19. Bxg5 Nde5 20. Nd5 Qd8
21. Rf1 Qe8 22. Qh3 Qd7 23. Qe3 Rf8 24. Rxf8+ Kxf8 25. h3 Qe8 26. Bh6 Qf7 27.
Nc7 e6 28. Bxg7+ Kxg7 29. Qg3+ Kf8 30. Na8 Nb4 31. Qg5 Ke8 32. Nb6 Nbxd3 33.
Qh4 Ng6 34. Qg3 Nf2+ 35. Kg1 Nxe4 36. Qe3 d5 37. cxd5 exd5 38. Nc4 Kd7 39. Nd2
Nxd2 40. Qxd2 d4 41. b4 Qd5 42. bxc5 Qxc5 43. Qd3 Ne5 44. Qf5+ Kd6 45. Qf8+ Kd5
46. Qd8+ Kc4 47. Qg8+ Kb5 48. Qb3+ Kc6 49. Qe6+ Kc7 50. Qb3 d3+ 51. Kf1 d2 52.
Qd1 0-1

[Event "February Sectional. Section B"]
[Site "Winnipeg CAN"]
[Date "2006.02.10"]
[Round "1"]
[White "Klokow, John"]
[Black "Cleto, Sam"]
[Result "0-1"]
[WhiteElo "1767"]
[BlackElo "1822"]
[PlyCount "104"]
[EventDate "2006.02.10"]
[EventType "tourn"]
[EventRounds "5"]
[EventCountry "CAN"]

1. e4 g6 2. d4 Bg7 3. h4 c5 4. Nf3 cxd4 5. Nxd4 Nc6 6. Be3 Nf6 7. Nc3 Qa5 8.
Nb3 Qd8 9. Be2 h5 10. Qd2 a5 11. f4 a4 12. Nd4 a3 13. f5 axb2 14. Rb1 Qc7 15.
Bf4 d6 16. Ndb5 Qd8 17. fxg6 fxg6 18. e5 dxe5 19. Qxd8+ Kxd8 20. Be3 Bd7 21.
Rxb2 Ng4 22. Bb6+ Kc8 23. Nc7 Ra3 24. Rb3 Nd4 25. Bxd4 Rxb3 26. cxb3 exd4 27.
N3b5 Be5 28. Nd5 Kd8 29. Rf1 Bc6 30. Nf4 Bxf4 31. Rxf4 e5 32. Rf7 Ne3 33. g3
Nf5 34. Rf6 Ke7 35. Rxg6 e4 36. Bc4 Bxb5 37. Bxb5 d3 38. Bc4 Nd6 39. Bd5 Rc8
40. a4 Rc5 41. Bg8 Rc1+ 42. Kd2 Rc2+ 43. Kd1 Nf7 44. Bxf7 Kxf7 45. Rd6 Re2 46.
b4 Ke7 47. Rd4 Ke6 48. a5 Ke5 49. Rd7 Rg2 50. Re7+ Kd4 51. Rd7+ Ke3 52. Rxb7
Rg1# 0-1

[Event "February Sectional. Section B"]
[Site "Winnipeg CAN"]
[Date "2006.02.10"]
[Round "1"]
[White "Prince, Colin"]
[Black "Rutter, Blair"]
[Result "0-1"]
[WhiteElo "1801"]
[BlackElo "1857"]
[PlyCount "100"]
[EventDate "2006.02.10"]
[EventType "tourn"]
[EventRounds "5"]
[EventCountry "CAN"]

1. e4 e6 2. d4 d5 3. e5 c5 4. c3 Nc6 5. Nf3 Bd7 6. Bd3 Rc8 7. O-O cxd4 8. cxd4
Nb4 9. Nc3 Nxd3 10. Qxd3 Qb6 11. a4 a6 12. Ne1 Ne7 13. Nc2 Ng6 14. f4 Be7 15.
Qe2 Nh4 16. Rd1 h5 17. Ne3 g6 18. Rd3 Bb4 19. Nexd5 exd5 20. Nxd5 Qa5 21. Nf6+
Kd8 22. d5 Bb5 23. Be3 Bxd3 24. Qxd3 Bc5 25. Ne4 Bxe3+ 26. Qxe3 Nf5 27. Qb3 b5
28. d6 Qb6+ 29. Kf1 Qe3 30. Qxe3 Nxe3+ 31. Ke2 Nxg2 32. axb5 axb5 33. Nf6 Nxf4+
34. Kf3 Ne6 35. Ra7 Rb8 36. Rd7+ Kc8 37. Rxf7 Ng5+ 38. Ke3 Nxf7 39. Kd4 Rd8 40.
Kd5 Rb7 41. Ke6 Ng5+ 42. Kd5 Rb6 43. Kc5 Kb7 44. Kd5 Nf7 45. Ne4 Kc8 46. Kc5
Rb7 47. Kd5 b4 48. e6 Nxd6 49. Nxd6+ Rxd6+ 50. Kxd6 Kd8 0-1

[Event "February Sectional. Section B"]
[Site "Winnipeg CAN"]
[Date "2006.02.11"]
[Round "2"]
[White "Green, Jim"]
[Black "Prince, Colin"]
[Result "0-1"]
[WhiteElo "1741"]
[BlackElo "1801"]
[PlyCount "64"]
[EventDate "2006.02.10"]
[EventType "tourn"]
[EventRounds "5"]
[EventCountry "CAN"]

1. e4 e5 2. Nf3 Nc6 3. Bb5 a6 4. Bxc6 dxc6 5. O-O Bg4 6. d4 exd4 7. Qxd4 Bxf3
8. Qxd8+ Rxd8 9. gxf3 Ne7 10. Bf4 Rd7 11. Nc3 h5 12. Rad1 Ng6 13. Rxd7 Kxd7 14.
Be3 Bd6 15. Ne2 Re8 16. Ng3 h4 17. Nf5 h3 18. Rd1 Ne5 19. Nh4 Kc8 20. f4 Be7
21. fxe5 Bxh4 22. f4 g5 23. Rd3 Rg8 24. f5 Re8 25. Bd4 c5 26. Bc3 g4 27. Rd5 c6
28. Rd6 Bg5 29. e6 fxe6 30. f6 e5 31. f7 Rf8 32. Re6 Rxf7 0-1

[Event "February Sectional. Section B"]
[Site "Winnipeg CAN"]
[Date "2006.02.11"]
[Round "2"]
[White "Oberton, Daniel"]
[Black "Cleto, Sam"]
[Result "1-0"]
[WhiteElo "1762"]
[BlackElo "1822"]
[PlyCount "78"]
[EventDate "2006.02.10"]
[EventType "tourn"]
[EventRounds "5"]
[EventCountry "CAN"]

1. e4 g6 2. d4 Bg7 3. Nc3 d6 4. f4 Nf6 5. Nf3 O-O 6. Bc4 c6 7. e5 Ne8 8. Be3 b5
9. Bd3 Na6 10. f5 Nb4 11. fxg6 fxg6 12. h4 Nxd3+ 13. Qxd3 Bf5 14. Qd2 dxe5 15.
Nxe5 Bxe5 16. dxe5 Qxd2+ 17. Kxd2 Rd8+ 18. Kc1 a5 19. b3 b4 20. Na4 Rd5 21. Bh6
Rf7 22. Re1 Nc7 23. Kb2 Be6 24. Nb6 Rd4 25. Rad1 Rxd1 26. Rxd1 Nd5 27. g3 Rf3
28. Nxd5 cxd5 29. Rd3 Rf2 30. Rd2 Rf5 31. Bf4 Rf8 32. a3 Rc8 33. axb4 axb4 34.
Be3 Bf5 35. Bd4 Kf7 36. c3 bxc3+ 37. Bxc3 Ke6 38. b4 Be4 39. Rf2 Rc4 1-0

[Event "February Sectional. Section B"]
[Site "Winnipeg CAN"]
[Date "2006.02.11"]
[Round "2"]
[White "Rutter, Blair"]
[Black "Klokow, John"]
[Result "1-0"]
[WhiteElo "1857"]
[BlackElo "1767"]
[PlyCount "97"]
[EventDate "2006.02.10"]
[EventType "tourn"]
[EventRounds "5"]
[EventCountry "CAN"]

1. c4 b6 2. Nc3 e6 3. e4 Bb7 4. d3 Bb4 5. Bd2 Ne7 6. Nge2 O-O 7. a3 Bxc3 8.
Bxc3 d5 9. Qc2 Nd7 10. g3 dxe4 11. dxe4 Nc5 12. Bg2 Nd3+ 13. Kf1 Nc5 14. Rd1
Qe8 15. b4 Qa4 16. Qxa4 Nxa4 17. f4 Rad8 18. Kf2 Nxc3 19. Nxc3 a6 20. Na4 Nc8
21. c5 Bc6 22. Nc3 Na7 23. Ke3 Nb5 24. Nxb5 Bxb5 25. Rhe1 f6 26. Bf1 Bxf1 27.
Rxf1 bxc5 28. bxc5 Kf7 29. e5 f5 30. c6 Ke7 31. Rb1 Rb8 32. Rfd1 Rxb1 33. Rxb1
Ra8 34. Rb7 Kd8 35. Kd4 h5 36. a4 Kc8 37. Kc4 Kd8 38. Kb4 Kc8 39. Ka5 Kd8 40.
Rb4 Ke8 41. Rd4 Kf8 42. Rd7 Ra7 43. Rd8+ Ke7 44. Rb8 g6 45. Rb7 Ra8 46. Rxc7+
Kf8 47. Rb7 Rc8 48. c7 Ke7 49. Kxa6 1-0

[Event "February Sectional. Section B"]
[Site "Winnipeg CAN"]
[Date "2006.02.11"]
[Round "3"]
[White "Cleto, Sam"]
[Black "Rutter, Blair"]
[Result "1-0"]
[WhiteElo "1822"]
[BlackElo "1857"]
[PlyCount "105"]
[EventDate "2006.02.10"]
[EventType "tourn"]
[EventRounds "5"]
[EventCountry "CAN"]

1. Nf3 d5 2. c4 Nf6 3. cxd5 Nxd5 4. Nc3 e6 5. e4 Nxc3 6. bxc3 Be7 7. d4 O-O 8.
Bd3 Nd7 9. O-O c5 10. Qe2 Qc7 11. e5 f6 12. exf6 Nxf6 13. Ne5 b6 14. Bf4 Bd6
15. Bg3 Bb7 16. Ng4 Rae8 17. Nxf6+ Rxf6 18. Bxh7+ Kf8 19. Bxd6+ Qxd6 20. Be4
Bc8 21. dxc5 Qxc5 22. c4 Ke7 23. Qg4 Kf8 24. Bg6 Rd8 25. Qh5 Qxh5 26. Bxh5 Ke7
27. Rad1 Rdf8 28. Rd2 Ba6 29. Rfd1 Bc8 30. Bf3 e5 31. Rd5 Rxf3 32. gxf3 Rxf3
33. Rxe5+ Kf6 34. Re8 Bf5 35. Rd5 g6 36. Rf8+ Kg5 37. Rd4 Rc3 38. h4+ Kh6 39.
Rh8+ Kg7 40. Ra8 Ra3 41. Rd2 Kf7 42. Rb8 Ra4 43. Rb7+ Kf6 44. Rc7 Ke5 45. Kh2
Kf4 46. Kg1 Kg4 47. Rd4+ Kh3 48. Re7 Ra3 49. Re3+ Rxe3 50. fxe3 Kg3 51. Rf4 a6
52. Kf1 a5 53. Rxf5 1-0

[Event "February Sectional. Section B"]
[Site "Winnipeg CAN"]
[Date "2006.02.11"]
[Round "3"]
[White "Klokow, John"]
[Black "Green, Jim"]
[Result "1-0"]
[WhiteElo "1767"]
[BlackElo "1741"]
[PlyCount "60"]
[EventDate "2006.02.10"]
[EventType "tourn"]
[EventRounds "5"]
[EventCountry "CAN"]

1. e4 c6 2. d4 d5 3. exd5 cxd5 4. c4 e6 5. Nc3 Nf6 6. Nf3 Bb4 7. Bd2 O-O 8.
cxd5 Nxd5 9. Bd3 Nf6 10. O-O Nc6 11. Be3 b6 12. Ne4 Ng4 13. Neg5 Nf6 14. Qc2
Bb7 15. Nxh7 Nxh7 16. Bxh7+ Kh8 17. Be4 Rc8 18. Qa4 Bd6 19. Rac1 Qd7 20. Rfd1
f5 21. Bb1 Ne5 22. Qxd7 Nxd7 23. Ng5 Rf6 24. f4 Re8 25. a3 Nf8 26. Ba2 Ng6 27.
g3 Nf8 28. Kf2 Nh7 29. h4 Nxg5 30. hxg5 Kg8 1-0

[Event "February Sectional. Section B"]
[Site "Winnipeg CAN"]
[Date "2006.02.11"]
[Round "3"]
[White "Prince, Colin"]
[Black "Oberton, Daniel"]
[Result "1-0"]
[WhiteElo "1801"]
[BlackElo "1762"]
[PlyCount "77"]
[EventDate "2006.02.10"]
[EventType "tourn"]
[EventRounds "5"]
[EventCountry "CAN"]

1. e4 c5 2. Nf3 d6 3. d4 cxd4 4. Nxd4 Nf6 5. Nc3 g6 6. Be3 Bg7 7. Be2 Nc6 8.
O-O O-O 9. f4 Bd7 10. Bf3 Rc8 11. Qe1 Nxe4 12. Nxc6 Bxc3 13. Bxe4 Bxc6 14. bxc3
Bxe4 15. Bd4 Bxc2 16. Qh4 f6 17. Rf3 e5 18. Bxa7 b6 19. Qf2 Rc6 20. Qxc2 Qc7
21. Qb3+ Kg7 22. Qd5 Ra8 23. fxe5 dxe5 24. Bxb6 Qxb6+ 25. Kh1 Rd8 26. Qb3 Qc7
27. Rb1 f5 28. a4 e4 29. Re3 Rd3 30. Rxd3 exd3 31. Qb2 Rxc3 32. Rc1 d2 33. Rd1
Kg8 34. Qxd2 Qc6 35. Qd8+ Kg7 36. Rd7+ Qxd7 37. Qxd7+ Kg8 38. Qe8+ Kg7 39. Qe5+
1-0

[Event "February Sectional. Section B"]
[Site "Winnipeg CAN"]
[Date "2006.02.12"]
[Round "4"]
[White "Green, Jim"]
[Black "Cleto, Sam"]
[Result "0-1"]
[WhiteElo "1741"]
[BlackElo "1822"]
[PlyCount "102"]
[EventDate "2006.02.10"]
[EventType "tourn"]
[EventRounds "5"]
[EventCountry "CAN"]

1. e4 g6 2. d4 Bg7 3. Bc4 d6 4. f3 Nf6 5. Be3 O-O 6. Nc3 c6 7. Qd2 b5 8. Bd3 a5
9. Nge2 Na6 10. a3 b4 11. axb4 axb4 12. Nd1 Qb6 13. O-O c5 14. Bc4 Be6 15. d5
Bd7 16. Qd3 Nc7 17. Nf2 Nh5 18. Rxa8 Rxa8 19. g4 Nf6 20. b3 Nb5 21. g5 Nh5 22.
f4 Nd4 23. Bxd4 cxd4 24. Nh1 Ra2 25. Kg2 Bg4 26. Nhg3 Bxe2 27. Qxe2 Nxg3 28.
Kxg3 Qa7 29. h4 Ra1 30. Rf2 Qa2 31. Qd2 Qb2 32. Kg2 Rc1 33. Bd3 Qa3 34. f5 Be5
35. fxg6 hxg6 36. h5 Qa1 37. Bf1 gxh5 38. Qe2 Qc3 39. Qd3 Qc8 40. Qe2 Qg4+ 41.
Qxg4 hxg4 42. Bd3 Kg7 43. Bb5 g3 44. Re2 Kg6 45. Be8 Ra1 46. Kf3 Ra8 47. Bd7
Rh8 48. Rg2 Rh2 49. Bf5+ Kxg5 50. Bd7 Rxg2 51. Kxg2 Kf4 0-1

[Event "February Sectional. Section B"]
[Site "Winnipeg CAN"]
[Date "2006.02.12"]
[Round "4"]
[White "Oberton, Daniel"]
[Black "Rutter, Blair"]
[Result "0-1"]
[WhiteElo "1762"]
[BlackElo "1857"]
[PlyCount "150"]
[EventDate "2006.02.10"]
[EventType "tourn"]
[EventRounds "5"]
[EventCountry "CAN"]

1. e4 e6 2. d4 d5 3. exd5 exd5 4. Bd3 Nf6 5. Nf3 c5 6. dxc5 Bxc5 7. Bf4 O-O 8.
O-O Bg4 9. Nbd2 Nc6 10. c3 Re8 11. Qb3 Qd7 12. Rfe1 a6 13. Qc2 Ne7 14. Ne5 Qc8
15. Nxg4 Qxg4 16. Be5 Ng6 17. Bxf6 Nf4 18. g3 gxf6 19. Bxh7+ Kg7 20. Bf5 Ne2+
21. Kg2 Nf4+ 22. Kh1 Qh5 23. gxf4 Bxf2 24. Rxe8 Rxe8 25. Rf1 Re2 26. Qd3 Rxd2
27. Qh3 Qxh3 28. Bxh3 Rxb2 29. Bc8 Be3 30. Rf3 Bc5 31. Rd3 a5 32. Rxd5 b6 33.
Rd3 Rxa2 34. Bf5 Rf2 35. Rg3+ Kf8 36. Bd3 Rxf4 37. Kg2 a4 38. Rf3 Rxf3 39. Kxf3
a3 40. Bb1 Kg7 41. c4 f5 42. Kf4 Kf6 43. h3 Bd6+ 44. Ke3 Kg5 45. Kf3 f6 46. Ba2
Kh4 47. Kg2 f4 48. Bb1 f3+ 49. Kxf3 Kxh3 50. Ba2 f5 51. Bb1 Kh4 52. Ba2 Kg5 53.
Bb3 Kf6 54. Ba2 Ke5 55. Ke3 Bc5+ 56. Kd3 f4 57. Kc3 Ke4 58. Bb1+ Ke3 59. Bf5 f3
60. Bh3 f2 61. Bf1 Ke4 62. Kb3 Ke3 63. Kc3 Bd4+ 64. Kb3 Bb2 65. Ka2 Kd2 66. Kb1
Ke1 67. Bd3 f1=Q 68. Bxf1 Kxf1 69. Ka2 Ke2 70. Kb1 Kd3 71. Ka2 Kxc4 72. Kb1 b5
73. Ka2 b4 74. Kb1 Kc3 75. Ka2 b3+ 0-1

[Event "February Sectional. Section B"]
[Site "Winnipeg CAN"]
[Date "2006.02.12"]
[Round "4"]
[White "Prince, Colin"]
[Black "Klokow, John"]
[Result "1-0"]
[WhiteElo "1801"]
[BlackElo "1767"]
[PlyCount "41"]
[EventDate "2006.02.10"]
[EventType "tourn"]
[EventRounds "5"]
[EventCountry "CAN"]

1. d4 d5 2. c4 dxc4 3. Nc3 e5 4. e3 exd4 5. exd4 Nf6 6. Bxc4 Bd6 7. Nf3 O-O 8.
h3 h6 9. O-O Nbd7 10. Be3 Nb6 11. Bb3 Bf5 12. Ne5 Be4 13. Nxe4 Nxe4 14. Qf3
Bxe5 15. Qxe4 Bf6 16. Bc2 Re8 17. Qh7+ Kf8 18. Rfe1 Re6 19. Bb3 Nd5 20. Bxd5
Qxd5 21. Qh8+ 1-0

[Event "February Sectional. Section B"]
[Site "Winnipeg CAN"]
[Date "2006.02.12"]
[Round "5"]
[White "Cleto, Sam"]
[Black "Prince, Colin"]
[Result "0-1"]
[WhiteElo "1822"]
[BlackElo "1801"]
[PlyCount "42"]
[EventDate "2006.02.10"]
[EventType "tourn"]
[EventRounds "5"]
[EventCountry "CAN"]

1. Nf3 d5 2. c4 e6 3. d4 Nf6 4. Nc3 c5 5. g3 cxd4 6. Nxd4 e5 7. Nf3 d4 8. Nxe5
dxc3 9. Qxd8+ Kxd8 10. Nxf7+ Ke8 11. Nxh8 Bb4 12. Kd1 Bf5 13. bxc3 Bxc3 14. Bg2
Nc6 15. e4 Nxe4 16. Bxe4 Bxe4 17. Re1 Rd8+ 18. Bd2 Rxd2+ 19. Kc1 Rc2+ 20. Kd1
Bxe1 21. Kxe1 Nd4 0-1

[Event "February Sectional. Section B"]
[Site "Winnipeg CAN"]
[Date "2006.02.12"]
[Round "5"]
[White "Klokow, John"]
[Black "Oberton, Daniel"]
[Result "1/2-1/2"]
[WhiteElo "1767"]
[BlackElo "1762"]
[PlyCount "54"]
[EventDate "2006.02.10"]
[EventType "tourn"]
[EventRounds "5"]
[EventCountry "CAN"]

1. e4 c5 2. Nf3 d6 3. d4 cxd4 4. Nxd4 Nf6 5. Nc3 g6 6. Bc4 Bg7 7. h3 Nc6 8. Be3
Bd7 9. O-O O-O 10. Bb3 Rc8 11. Re1 Ne5 12. Qd2 Nc4 13. Bxc4 Rxc4 14. Rad1 a6
15. f4 Qa5 16. Bf2 e5 17. Nb3 Qc7 18. Qxd6 Rc6 19. Qxc7 Rxc7 20. fxe5 Nh5 21.
Nd5 Rxc2 22. Ne7+ Kh8 23. Rxd7 Rxb2 24. Bd4 Rxa2 25. Nd5 Ng3 26. Rxb7 Ne2+ 27.
Kf1 Ng3+ 1/2-1/2

[Event "February Sectional. Section B"]
[Site "Winnipeg CAN"]
[Date "2006.02.12"]
[Round "5"]
[White "Rutter, Blair"]
[Black "Green, Jim"]
[Result "0-1"]
[WhiteElo "1857"]
[BlackElo "1741"]
[PlyCount "58"]
[EventDate "2006.02.10"]
[EventType "tourn"]
[EventRounds "5"]
[EventCountry "CAN"]

1. c4 e6 2. g3 d5 3. cxd5 exd5 4. Bg2 g6 5. Nc3 c6 6. d4 Bg7 7. e4 dxe4 8. Nge2
Nf6 9. Bg5 Qa5 10. Qd2 O-O 11. Bxf6 Bxf6 12. Nxe4 Qxd2+ 13. Kxd2 Be7 14. Rad1
Be6 15. b3 Nd7 16. h3 Bb4+ 17. Kc2 Rfe8 18. Kb2 Bd5 19. f3 f5 20. N4c3 Nf6 21.
Rhe1 Re3 22. a3 Bxc3+ 23. Nxc3 Rae8 24. Rxe3 Rxe3 25. Nxd5 Re2+ 26. Kc1 Nxd5
27. Rd2 Re1+ 28. Kb2 f4 29. gxf4 Nxf4 0-1

[Event "February Sectional. Section C"]
[Site "Winnipeg CAN"]
[Date "2006.02.10"]
[Round "1"]
[White "Clory, Ron"]
[Black "Wood, Nathan"]
[Result "1-0"]
[WhiteElo "1580"]
[BlackElo "1595"]
[PlyCount "49"]
[EventDate "2006.02.10"]
[EventType "tourn"]
[EventRounds "5"]
[EventCountry "CAN"]

1. Nf3 b6 2. d3 Bb7 3. Nbd2 g6 4. g3 Bg7 5. Bg2 Nf6 6. O-O O-O 7. e4 c5 8. Re1
Qc7 9. Nf1 Nc6 10. c3 d5 11. e5 Ng4 12. d4 cxd4 13. cxd4 Nh6 14. Ne3 e6 15. a3
Ne7 16. Bd2 f6 17. Rc1 Qd7 18. exf6 Rxf6 19. Ne5 Qb5 20. Rc7 Qxb2 21. Rxe7 Ba6
22. N3g4 Rf5 23. Nxh6+ Bxh6 24. Bxh6 Rxf2 25. Rg7+ 1-0

[Event "February Sectional. Section C"]
[Site "Winnipeg CAN"]
[Date "2006.02.10"]
[Round "1"]
[White "Einarsson, Ken"]
[Black "Kwiatek, Jordan"]
[Result "1-0"]
[WhiteElo "1578"]
[BlackElo "1695"]
[PlyCount "85"]
[EventDate "2006.02.10"]
[EventType "tourn"]
[EventRounds "5"]
[EventCountry "CAN"]

1. e4 c5 2. Nf3 g6 3. d4 cxd4 4. Nxd4 Nc6 5. Nc3 Bg7 6. Be3 Nf6 7. Bd3 O-O 8.
O-O d5 9. exd5 Nxd5 10. Nxc6 bxc6 11. Nxd5 cxd5 12. Rb1 e5 13. Re1 e4 14. Bb5
d4 15. Bc6 Rb8 16. Bf4 Rb7 17. Bxe4 Rb5 18. Bd3 Ra5 19. a3 Bb7 20. Qe2 Qf6 21.
Bd2 Qh4 22. Bxa5 Qg5 23. f3 Qxa5 24. Qe7 Qb6 25. Qb4 Qxb4 26. axb4 Bf6 27. Ra1
Bh4 28. g3 Bf6 29. Rxa7 Bxf3 30. Rf1 Kg7 31. Rxf3 Re8 32. Bc4 d3 33. Rxf7+ Kh6
34. R7xf6 d2 35. Rd3 Re1+ 36. Rf1 Re4 37. b3 Kg5 38. Rxd2 Kg4 39. b5 Kh3 40.
Rf4 Re1+ 41. Kf2 g5 42. Kxe1 g4 43. Bf1# 1-0

[Event "February Sectional. Section C"]
[Site "Winnipeg CAN"]
[Date "2006.02.11"]
[Round "2"]
[White "Einarsson, Ken"]
[Black "Clory, Ron"]
[Result "0-1"]
[WhiteElo "1578"]
[BlackElo "1580"]
[PlyCount "40"]
[EventDate "2006.02.10"]
[EventType "tourn"]
[EventRounds "5"]
[EventCountry "CAN"]

1. e4 d6 2. d4 g6 3. Nf3 Bg7 4. Nc3 Nf6 5. Be2 O-O 6. O-O c6 7. Re1 Bg4 8. h3
Bxf3 9. Bxf3 e5 10. dxe5 dxe5 11. Bg5 Qc7 12. Re2 Nbd7 13. Rd2 Nc5 14. a3 Rfd8
15. Be3 Ne6 16. Bg4 Rxd2 17. Bxd2 Nd4 18. Bg5 Rd8 19. Bxf6 Bxf6 20. Qd3 Nb3 0-1

[Event "February Sectional. Section C"]
[Site "Winnipeg CAN"]
[Date "2006.02.11"]
[Round "2"]
[White "Kwiatek, Jordan"]
[Black "Rumpel, Chris"]
[Result "1-0"]
[WhiteElo "1695"]
[BlackElo "1559"]
[PlyCount "79"]
[EventDate "2006.02.10"]
[EventType "tourn"]
[EventRounds "5"]
[EventCountry "CAN"]

1. d4 d5 2. c4 c6 3. Nf3 a6 4. cxd5 cxd5 5. Nc3 Nf6 6. Bf4 Nc6 7. e3 Bf5 8. Rc1
h6 9. Qb3 Na5 10. Qd1 e6 11. Qa4+ Nc6 12. Ne5 Qb6 13. Bb5 Rc8 14. Bxc6+ bxc6
15. O-O Nd7 16. Nxd7 Kxd7 17. f3 Bd6 18. Bxd6 Kxd6 19. e4 Bg6 20. Rfd1 f5 21.
Qa3+ Kd7 22. Na4 Qc7 23. exd5 exd5 24. Nc5+ Ke8 25. Nxa6 Qa7 26. Qd6 Qxa6 27.
Qxg6+ Kf8 28. Qxf5+ Kg8 29. Qe6+ Kh7 30. Qf5+ Kg8 31. Re1 Rf8 32. Qe6+ Kh7 33.
Rxc6 Qxa2 34. Qg6+ Kg8 35. Qe6+ Kh7 36. Qg6+ Kg8 37. Rc7 Rh7 38. Re8 Qa1+ 39.
Kf2 Qxb2+ 40. Kg3 1-0

[Event "February Sectional. Section C"]
[Site "Winnipeg CAN"]
[Date "2006.02.11"]
[Round "2"]
[White "Wood, Nathan"]
[Black "Bist, Kent"]
[Result "0-1"]
[WhiteElo "1595"]
[BlackElo "1545"]
[PlyCount "46"]
[EventDate "2006.02.10"]
[EventType "tourn"]
[EventRounds "5"]
[EventCountry "CAN"]

1. c4 e5 2. Nc3 Nf6 3. Nf3 d6 4. g3 Be7 5. Bg2 O-O 6. O-O c6 7. Qc2 h6 8. d4
exd4 9. Nxd4 Be6 10. Nxe6 fxe6 11. e4 Nbd7 12. f4 Qb6+ 13. Kh1 Rae8 14. Rf3 e5
15. Be3 Qa5 16. Ne2 Ng4 17. Bd2 Qb6 18. Raf1 exf4 19. gxf4 Bh4 20. Ng3 Nc5 21.
b4 Bxg3 22. bxc5 Qxc5 23. hxg3 Qh5+ 0-1

[Event "February Sectional. Section C"]
[Site "Winnipeg CAN"]
[Date "2006.02.11"]
[Round "3"]
[White "Bist, Kent"]
[Black "Einarsson, Ken"]
[Result "0-1"]
[WhiteElo "1545"]
[BlackElo "1578"]
[PlyCount "90"]
[EventDate "2006.02.10"]
[EventType "tourn"]
[EventRounds "5"]
[EventCountry "CAN"]

1. c4 e5 2. Nc3 Nc6 3. g3 Nf6 4. Bg2 Bc5 5. e3 O-O 6. Nge2 Re8 7. d3 d6 8. a3
a5 9. O-O Bg4 10. Qc2 Qd7 11. Re1 Qf5 12. Nd5 Nxd5 13. cxd5 Ne7 14. Be4 Qh5 15.
d4 exd4 16. Nf4 Qh6 17. exd4 Bxd4 18. Ne6 Qf6 19. Nxd4 Qxd4 20. Bxh7+ Kh8 21.
Be3 Qxd5 22. Be4 Qb5 23. Bd3 Qc6 24. Qxc6 Nxc6 25. Rac1 Ne5 26. Be2 Bxe2 27.
Rxe2 c6 28. Kg2 d5 29. Bd4 Nd7 30. Rd2 Re6 31. h4 Rae8 32. h5 b6 33. Rh1 c5 34.
Be3 d4 35. Bf4 Re2 36. h6 Rxd2 37. Bxd2 Re2 38. hxg7+ Kxg7 39. Bf4 Rxb2 40. Rh5
Re2 41. Rd5 Nf6 42. Rg5+ Kh7 43. Kf3 d3 44. Rf5 Re6 45. Bd2 Ne4 0-1

[Event "February Sectional. Section C"]
[Site "Winnipeg CAN"]
[Date "2006.02.11"]
[Round "3"]
[White "Clory, Ron"]
[Black "Kwiatek, Jordan"]
[Result "0-1"]
[WhiteElo "1580"]
[BlackElo "1695"]
[PlyCount "58"]
[EventDate "2006.02.10"]
[EventType "tourn"]
[EventRounds "5"]
[EventCountry "CAN"]

1. Nf3 c5 2. d3 d5 3. g3 Nf6 4. Bg2 g6 5. O-O Bg7 6. Nbd2 O-O 7. Re1 Nc6 8. c3
e5 9. e4 d4 10. Qe2 Be6 11. a3 a5 12. c4 Nh5 13. Nb3 Qe7 14. Bg5 f6 15. Bd2 h6
16. Kh1 Kh7 17. Ng1 g5 18. Qd1 a4 19. Nc1 g4 20. f3 Qd7 21. fxg4 Bxg4 22. Bf3
f5 23. Bxg4 fxg4 24. Rf1 Rxf1 25. Qxf1 Rf8 26. Qd1 Rf2 27. Nce2 Qf7 28. Qe1 Nd8
29. Qd1 Ne6 0-1

[Event "February Sectional. Section C"]
[Site "Winnipeg CAN"]
[Date "2006.02.11"]
[Round "3"]
[White "Rumpel, Chris"]
[Black "Wood, Nathan"]
[Result "1-0"]
[WhiteElo "1559"]
[BlackElo "1595"]
[PlyCount "60"]
[EventDate "2006.02.10"]
[EventType "tourn"]
[EventRounds "5"]
[EventCountry "CAN"]

1. d4 Nf6 2. c4 g6 3. Nc3 d5 4. cxd5 Nxd5 5. e4 Nxc3 6. bxc3 c5 7. Bc4 Bg7 8.
Ne2 O-O 9. O-O cxd4 10. cxd4 Nc6 11. Be3 a6 12. a4 Bg4 13. f3 Bd7 14. d5 Ne5
15. Bb3 b5 16. Kh1 Nc4 17. Bf4 Bxa1 18. Qxa1 f6 19. Bh6 Rf7 20. Nd4 Qb6 21. Rc1
f5 22. axb5 g5 23. Bxg5 Qg6 24. Bxe7 fxe4 25. Bxc4 exf3 26. Nxf3 Qe4 27. Ng5
Qxe7 28. Nxf7 Qxf7 29. d6 Be6 30. Rf1 Qg6 1-0

[Event "February Sectional. Section C"]
[Site "Winnipeg CAN"]
[Date "2006.02.12"]
[Round "4"]
[White "Clory, Ron"]
[Black "Bist, Kent"]
[Result "1-0"]
[WhiteElo "1580"]
[BlackElo "1545"]
[PlyCount "47"]
[EventDate "2006.02.10"]
[EventType "tourn"]
[EventRounds "5"]
[EventCountry "CAN"]

1. Nf3 c5 2. d3 d5 3. g3 Nc6 4. Bg2 e5 5. O-O Bd6 6. Nbd2 f5 7. e4 Nf6 8. exd5
Nxd5 9. Nc4 O-O 10. Re1 f4 11. Nfxe5 fxg3 12. fxg3 Nxe5 13. Nxe5 Nf6 14. Bg5
Qc7 15. Nc4 Bg4 16. Qd2 Bxg3 17. hxg3 Qxg3 18. Qe3 Qc7 19. Qe5 Qd7 20. Qd6 Qf5
21. Qf4 Qd7 22. Ne5 Qc8 23. Bxf6 Rxf6 24. Qxg4 1-0

[Event "February Sectional. Section C"]
[Site "Winnipeg CAN"]
[Date "2006.02.12"]
[Round "4"]
[White "Einarsson, Ken"]
[Black "Rumpel, Chris"]
[Result "1-0"]
[WhiteElo "1578"]
[BlackElo "1559"]
[PlyCount "51"]
[EventDate "2006.02.10"]
[EventType "tourn"]
[EventRounds "5"]
[EventCountry "CAN"]

1. e4 e6 2. d4 d5 3. exd5 exd5 4. Nf3 Nf6 5. Nc3 Bd6 6. Be2 O-O 7. O-O h6 8.
Re1 c6 9. Ne5 Bf5 10. g4 Bh7 11. g5 Ne4 12. gxh6 Qh4 13. Nxe4 Bxe4 14. Bf3 Bxe5
15. dxe5 Bxf3 16. Qxf3 gxh6 17. Kh1 Kh7 18. Qf5+ Kh8 19. e6 Qe7 20. Bxh6 fxe6
21. Qe5+ Rf6 22. Bg5 Kg7 23. Rg1 Kf7 24. Bxf6 Qxf6 25. Qc7+ Kf8 26. Qxb7 1-0

[Event "February Sectional. Section C"]
[Site "Winnipeg CAN"]
[Date "2006.02.12"]
[Round "4"]
[White "Kwiatek, Jordan"]
[Black "Wood, Nathan"]
[Result "1-0"]
[WhiteElo "1695"]
[BlackElo "1595"]
[PlyCount "51"]
[EventDate "2006.02.10"]
[EventType "tourn"]
[EventRounds "5"]
[EventCountry "CAN"]

1. d4 g6 2. Nf3 Nf6 3. c4 Bg7 4. Bf4 d5 5. e3 O-O 6. Nc3 e6 7. Be2 a6 8. Rc1
dxc4 9. Bxc4 Nbd7 10. h3 Nb6 11. Be2 Nbd5 12. Bh2 Nxc3 13. bxc3 c5 14. Ne5 cxd4
15. cxd4 Qa5+ 16. Qd2 Qxd2+ 17. Kxd2 Rd8 18. Bf3 Nd7 19. Nxd7 Rxd7 20. Rc5 b6
21. Rc7 Rxc7 22. Bxc7 Ra7 23. Bxb6 Rd7 24. Rc1 Bb7 25. Bxb7 Rxb7 26. Rc8+ 1-0